000
00272nam a2200121Ia 4500
005
20251222143152.0
008
251222s9999||||xx |||||||||||||| ||spa||
082
_a
530/P46
100
_a
Pérez Terrel, Walter
245
0
_a
Física:
264
_b
San Marcos
942
_c
LIB
999
_c
12720
_d
12720